Estatísticas para As ligas de primeira divisão na UEFA

Clique aqui para jogar o quiz

Estatísticas Gerais

  • Esse quiz foi jogado 53 vezes
  • A pontuação média é 24 de 54

Estatísticas das Respostas

PaísLiga de primeira% Correto
ItáliaSérie A
96%
TurquiaSüper Lig
96%
RússiaPremier Liga
93%
BulgáriaPremier Liga
93%
Bósnia-HerzegovinaPremijer Liga
93%
ÁustriaBundesliga
85%
AlemanhaBundesliga
85%
EspanhaLaLiga
83%
InglaterraPremier League
83%
ArmêniaPremier League
83%
País de GalesPremier League
83%
MaltaIl-Premjer
76%
GeórgiaLiga Premier
76%
CazaquistãoPremer Ligasy
76%
UcrâniaPremier Liha
76%
AzerbaijãoPremyer Liqası
76%
República TchecaČeský Liga
74%
EstôniaPremium Liiga
74%
CroáciaPrva Liga
74%
Macedônia do NortePrva Liga
74%
MontenegroPrva Liga
74%
EslováquiaSuper Liga
74%
BielorrússiaVysshaya Liga
74%
FrançaLigue 1
72%
ChipreProtáthlima A
61%
GréciaSuper League
35%
SuíçaSuper League
35%
BélgicaPro League
33%
IsraelLigat Ha'Al
24%
Países BaixosEredivisie
22%
RomêniaLiga I
22%
DinamarcaSuperliga
22%
SérviaSuperLiga
22%
KosovoSuperliga e Futbollit
22%
PortugalLiga Portugal
15%
EscóciaPremiership
15%
Irlanda do NortePremiership
15%
SuéciaAllsvenskan
11%
Ilhas Faroé1. deildin
9%
NoruegaEliteserien
9%
PolôniaEkstraklasa
7%
AlbaniaKategoria Superiore
7%
GibraltarPremier Division
7%
AndorraLliga Nacional
4%
LituâniaA Lyga
2%
MoldáviaDivizia Naţională
2%
IrlandaLeague of Ireland
2%
San MarinoLega Samarinesa
2%
LuxemburgoNationaldivisioun
2%
HungriaNemzeti Bajnokság
2%
EslovêniaPrvaLiga
2%
FinlândiaSuomiliiga
2%
IslândiaÚrvalsdeild
2%
LetôniaVirslīga
2%

Distribuição das Pontuações

Percentil de Números Respondidos

Porcentagem de Pessoas com Cada Pontuação

Sua Pontuação Histórica

Você não jogou esse quiz